000 00973cam a2200265Ia 4500
005 20140903175111.0
008 140603s2007 xxu frb 001 0 eng d
020 _a0691121907
020 _a9780691121901
020 _a9780691121918
040 _aCO-BoUCM
_bspa
_cJose A. Gerena
_dJose A. Gerena
041 0 _aeng
100 1 _aRose, Nikolas S.
_956461
245 1 0 _aThe politics of life itself
_bbiomedicine, power, and subjectivity in the twenty-first century
_cNikolas Rose
260 _aPrinceton (Nueva Jersey, Estados Unidos)
_bPrinceton University press
_c2007
300 _axiii, 350 páginas
490 1 _aInformation series
504 _aIncluye referencias bibliográficas e índices
650 7 _aBioética
_910102
650 7 _aÉtica en la medicina
_915241
650 7 _aInnovaciones en medicina
_917715
_xAspectos sociales
690 _942812
_aÉtica
942 _a2
_cLIBRO
_e1
_mR795p
_2DEWEY
_h174.9574
999 _c242504
_d242504